Statistiques concernant Tous les pays d'Europe par taille dans l'ordre croissant :

Cliquez ici pour prendre le quiz!

Statistiques générales

  • Ce quiz a été pris 1 003 fois
  • Le résultat moyen est 16 sur 46

Statistiques - réponses

Du - au +Pays% Correct
1Vatican
98%
2Monaco
94%
3Saint-Marin
90%
4Liechtenstein
77%
6Andorre
75%
7Luxembourg
70%
5Malte
70%
46Russie
66%
45France
56%
44Ukraine
54%
9Kosovo
51%
10Monténégro
46%
43Espagne
44%
8Chypre
42%
41Allemagne
41%
11Slovénie
39%
12Macédoine
38%
42Suède
38%
40Finlande
33%
39Norvège
32%
38Pologne
32%
13Albanie
31%
14Belgique
31%
37Italie
29%
36Royaume-Uni
26%
16Suisse
25%
35Roumanie
24%
15Moldavie
22%
17Pays-Bas
22%
34Biélorussie
18%
18Danemark
18%
19Estonie
17%
20Slovaquie
15%
33Grèce
14%
25Irlande
14%
21Bosnie-Herzégovine
13%
32Bulgarie
13%
22Croatie
13%
31Islande
13%
23Lettonie
13%
24Lituanie
13%
29Portugal
13%
27Autriche
12%
30Hongrie
12%
26République Tchèque
12%
28Serbie
11%

Distribution des résultats

Percentile par nombre de réponses

% des personnes avec chaque résultat

Votre développement - résultats

Vous n’avez pas pris ce quiz